Prueba de River Plate - Estadísticas

Estadísticas generales
  • Esta prueba ha sido intentada 1.082 veces
  • La puntuación promedio es 12 de 20
Estadísticas de respuestas
Pista Respuesta % Correcto
El mejor jugador uruguayo de la historia, uno de los máximos ídolos del club Enzo Francescoli Uriarte
100%
Lateral derecho surgido de River campeón del mundo convirtiendo el penal consagratorio Gonzalo Montiel
87%
Apodo de Julián Álvarez La araña
87%
Mejor técnico en la historia del club Marcelo Gallardo
87%
Jugador que metió dos goles en la final de la Copa Libertadores 2018, teniendo en cuenta la ida y la vuelta Lucas Pratto
86%
Apodo que tiene Gonzalo Martínez Pity
86%
Apodo por el cual se conoce a Ariel Ortega El Burrito
85%
Mediocampista surgido en River, fundamental para la consagración de Argentina en la Copa del Mundo 2022 Enzo Fernández
85%
Exjugador surgido de River que jugaba de enganche, de un buen paso por el club y por Europa, es el ídolo de Lionel Messi Pablo César Aimar
85%
Año de fundación del club 1901
83%
Si es nene, ponele... Enzo
83%
Arquero determinante en la obtención de la Copa Libertadores 2018, que posteriormente saldría campeón del mundo con la Selección Argentina Franco Armani
83%
Apodo de Marcelo Gallardo Muñeco
83%
Mayor ídolo del club Ángel Amadeo Labruna
81%
Jugador colombiano autor de uno de los goles más importantes de la historia de River, en una final de Libertadores. Juan Fernando Quintero
81%
La canción dice "El Pity Martínez, que... que está". Complete la frase Loco
81%
Nombre con que se conoce a la barrabrava de River Los Borrachos del Tablón
80%
Apodo por el que se conoce a Gonzalo Montiel Cachete
79%
Nombre del jugador que jugó un partido como arquero estando lesionado por Copa Libertadores Enzo Pérez
78%
Uno de los mejores años en la historia del club, consiguiendo el campeonato local, la Copa Libertadores y la Copa Intercontinental 1986
76%
Segundo mejor técnico de la historia del club, con momentos muy recordados como el de los chupetines para los "pibes" de Boca Ramón Díaz
76%
Apodo de Norberto Alonso Beto
75%
Apodo de Fillol Pato
75%
Jugador surgido de las inferiores de River ganador de dos Balones de Oro y del único Súper Balón de Oro entregado hasta la fecha Alfredo Di Stéfano
74%
Apodo por el cual se conoce a Pablo Aimar Payasito
73%
Apodo de Javier Saviola El Conejo/Conejito
70%
Nombre por el cual se conoce al mejor equipo o delantera de la historia de River La máquina
70%
Décimo máximo goleador en la historia de River que volvió en el peor momento del club, convirtiéndose en ídolo Fernando Cavenaghi
69%
Prenda de vestir con los colores de River que usó Labruna y que posteriormente Gallardo usaría en un superclásico Corbata
63%
Arquero considerado uno de los mejores de la historia del fútbol argentino, característico por su boina Amadeo Carrizo
62%
Jugador con el récord de más goles anotados en un mismo partido Julián Álvarez
61%
Apodo de Fernando Cavenaghi El Torito/Cavegol
59%
Expresidente riverplatense, el cual inauguró el Estadio Monumental, que durante muchos años llevó su nombre Antonio Vespucio Liberti
58%
Apodo de Enzo Francescoli El Príncipe
58%
Fecha de aniversario de River (día y mes) 25 de mayo
57%
Cantidad de goles que Ángel Labruna le convirtió a Boca, siendo el máximo goleador en la historia de los superclásicos 16
56%
Jugador de la Era Gallardo, con goles muy recordados en superclásicos, que tiene una canción dedicada a él Gonzalo Martinez
56%
Arquero campeón del mundo en 1978 que vistió la camiseta de River Ubaldo Fillol
54%
Autor del gol en el superclásico por la vuelta de la semifinal de la Copa Sudamericana 2014 Leonardo Pisculichi
50%
Apodo de Ángel Labruna Angelito/El feo
49%
Autor del gol de chilena en el partido contra Sporting Cristal con resultado de 5-2 por Copa Libertadores 1996 Hernán Crespo
48%
Contra el seleccionado de qué país convirtió el famoso gol de chilena Enzo Francescoli Polonia
46%
Año en el que se inauguró el estadio Monumental 1938
39%
Resultado del partido en el que River jugó contra la selección de Polonia, en el cual el Millonario salió victorioso 5-4
39%
Exjugador campeón del mundo con paso por River apodado "Rey" David Trezeguet
38%
Apodo por el que se conoce a Juan Manuel Moreno El Charro
37%
Jugador que hizo el gol que Pelé nunca pudo Norberto Alonso
32%
Exjugador uruguayo autor de uno de los goles más importantes de la historia del club, en una final intercontinental Antonio Alzamendi
30%
Venta más cara en la historia de River Javier Saviola
30%
Apellido de los hermanos Ermindo y Daniel, ambos jugaron juntos en River Onega
26%
Día y mes en el que se festeja el día del hincha de River, en honor a Labruna 28 de septiembre
24%
Autor de los dos tantos en el superclásico de 1942, que le valió a River un campeonato y la primer vuelta olímpica en cancha de Boca Adolfo Pedernera
23%
Cantidad de goles de Ángel Labruna en su paso por el club 317
20%
La delantera de La Máquina se componía por Ángel Labruna, Juan Carlos Muñoz, Adolfo Pedernera, Juan Manuel Moreno y... Félix Loustau
18%
Año en el que River ganó por primera vez un título en la cancha de Boca, jugando contra ellos 1942
17%
Banda musical con el récord de cantidad de shows en River The Rolling Stones
15%
Nombre del exjugador de River que terminó con más goles que partidos Bernabé Ferreyra
12%
Apodo por el cual es conocido Adolfo Pedernera El maestro/El frentudo
11%
Jugador con la mayor cantidad de títulos ganados en River, siendo de 16 títulos Leonardo Ponzio
10%
Apodo de Oscar Tomás Más, segundo máximo goleador del club Pipino
5%
No se encontraron pruebas coincidentes
Distribución de puntuación
Porcentaje de gente con cada puntuación
Porcentaje por número respondido
Historial de tus puntuaciones
No has intentado esta prueba.